Effect of using applesnail meal in basic diet to replace fish meal on growing avain chicken at rua, ឥទ្ធិពលនៃការប្រើប្រាស់ម្សៅសាច់ខ្យងជាចំណីគ្រឹះជមនួសម្សៅត្រិលើការលុតលាស់របស់មាន់សាច់នៅសាកលវិទ្យាល័យភូំិន្ទកសិកម្ម (Record no. 2306)

000 -LEADER
fixed length control field 00790nam a22001337a 4500
040 ## - CATALOGING SOURCE
Transcribing agency RUA
082 ## - DEWEY DECIMAL CLASSIFICATION NUMBER
Classification number AVM NEN 2009 B080 Or.1
100 ## - MAIN ENTRY--AUTHOR NAME
Personal name NEN, BUNNAWATH.
245 ## - TITLE STATEMENT
Title Effect of using applesnail meal in basic diet to replace fish meal on growing avain chicken at rua, ឥទ្ធិពលនៃការប្រើប្រាស់ម្សៅសាច់ខ្យងជាចំណីគ្រឹះជមនួសម្សៅត្រិលើការលុតលាស់របស់មាន់សាច់នៅសាកលវិទ្យាល័យភូំិន្ទកសិកម្ម
260 ## - PUBLICATION, DISTRIBUTION, ETC. (IMPRINT)
Place of publication Phnom Penh
Name of publisher RUA
Year of publication 2009
300 ## - PHYSICAL DESCRIPTION
Number of Pages vii; 42p.
Other physical details ill.
Dimensions 29cm.
856 ## - ELECTRONIC LOCATION AND ACCESS
Uniform Resource Identifier https://drive.google.com/file/d/1T1NQLP0tMt5UBytBVPKsQbxKhR539AdT/view?usp=sharing
942 ## - ADDED ENTRY ELEMENTS (KOHA)
Koha item type AVM
952 ## - LOCATION AND ITEM INFORMATION (KOHA)
Withdrawn status [LOCAL, KOHA] 0
952 ## - LOCATION AND ITEM INFORMATION (KOHA)
Withdrawn status [LOCAL, KOHA] 0
952 ## - LOCATION AND ITEM INFORMATION (KOHA)
Withdrawn status [LOCAL, KOHA] 0
952 ## - LOCATION AND ITEM INFORMATION (KOHA)
Withdrawn status [LOCAL, KOHA] 0
952 ## - LOCATION AND ITEM INFORMATION (KOHA)
Withdrawn status [LOCAL, KOHA] 0
952 ## - LOCATION AND ITEM INFORMATION (KOHA)
Withdrawn status [LOCAL, KOHA] 0
952 ## - LOCATION AND ITEM INFORMATION (KOHA)
Withdrawn status [LOCAL, KOHA] 0
952 ## - LOCATION AND ITEM INFORMATION (KOHA)
Withdrawn status [LOCAL, KOHA] 0
952 ## - LOCATION AND ITEM INFORMATION (KOHA)
Withdrawn status [LOCAL, KOHA] 0
952 ## - LOCATION AND ITEM INFORMATION (KOHA)
Withdrawn status [LOCAL, KOHA] 0
Holdings
Permanent Location Date acquired Koha item type Lost status Shelving location Barcode Current Location Full call number
Library Block B2015-10-09AVM B086RUA019424Library Block BAVM NEN 2009 B080 Or.1
Library Block B2015-10-09AVM B086RUA017589Library Block BAVM NEN 2009 B080 Or.2
Library Block B2015-10-09AVM B086RUA006926Library Block BAVM NEN 2009 B080 Or.3
Library Block B2015-10-09AVM B086RUA017060Library Block BAVM NEN 2009 B080 Or.4
Library Block B2015-10-09AVM B086RUA010044Library Block BAVM NEN 2009 B080 Or.5
Library Block B2015-10-22AVM B086RUA009069Library Block BAVM NEN 2009 B080 Or.6
Library Block B2015-10-22AVM B086RUA009084Library Block BAVM NEN 2009 B080 Or.7
Library Block B2015-10-22AVM B086RUA009087Library Block BAVM NEN 2009 B080 Or.8
Library Block B2015-10-22AVM B086RUA009063Library Block BAVM NEN 2009 B080 Or.9
Library Block B2015-10-22AVM B086RUA020064Library Block BAVM NEN 2009 B080 Or.1O
មជ្ឈមណ្ឌលឯការនៃសាកលវិទ្យាល័យភូមិន្ទកសិកម្មចំការដូង

Powered by Koha